Operations management in the supply chain : desicions and cases
Αποθηκεύτηκε σε:
| Κύριος συγγραφέας: | |
|---|---|
| Άλλοι συγγραφείς: | , |
| Μορφή: | Βιβλίο |
| Γλώσσα: | English |
| Δημοσίευση: |
New York :
McGraw-Hill,
c2011
|
| Έκδοση: | 6th ed. |
| Σειρά: | Irwin/McGraw-Hill series in operations and decision sciences
|
| Θέματα: | |
| Ετικέτες: |
Προσθήκη ετικέτας
Δεν υπάρχουν, Καταχωρήστε ετικέτα πρώτοι!
|
MARC
| LEADER | 00000nam a2200000 i 4500 | ||
|---|---|---|---|
| 001 | 1/38195 | ||
| 008 | 131112s2011 eng d | ||
| 020 | |a 978-1-259-06087-8 (pbk.) | ||
| 035 | |l 10115973 | ||
| 040 | |a GR-MY-UA |b gre |e aacr | ||
| 041 | 0 | |a eng | |
| 082 | 0 | |a 658.5 |2 (22) | |
| 100 | 1 | |a Schroeder, Roger G. | |
| 245 | 1 | 0 | |a Operations management in the supply chain : |b desicions and cases / |c Roger G. Schroeder, Susan Meyer Goldstein, M. Johnny Rungtusanatham |
| 250 | |a 6th ed. | ||
| 260 | |a New York : |b McGraw-Hill, |c c2011 | ||
| 300 | |a xviii, 558 σ.; |b διαγρ., πίν.; |c 26 εκ. | ||
| 490 | 1 | |a Irwin/McGraw-Hill series in operations and decision sciences | |
| 504 | |a Περιέχει βιβλιογραφικές παραπομπές και ευρετήριο | ||
| 650 | 0 | 0 | |a Production management. |
| 650 | 0 | 0 | |a Decision making. |
| 700 | 1 | |a Goldstein, Susan Meyer. | |
| 700 | 1 | |a Rungtusunatham, M. Johnny. | |
| 830 | 0 | |a Irwin/McGraw-Hill series in operations and decision sciences | |
| 852 | |a INST |b CHIOS |e 20131112 |h 658.5 SCH |p 005200037121 |q 005200037121 |t BK |y 0 | ||
| 901 | |a BIBL2-2013-3 | ||
| 909 | |a Χ |b 181691 | ||
| 922 | |a 2ΕΛΗ |b 201307 |c ΤΑΚ/ΤΔΕ |d ΔΡΕΣ | ||
| 970 | |a ΣΠΕΝΤΖΑ |b ΕΛΕΝΗ |z 2013/11/12 | ||